000
00210nam a22000857a 4500
008
170216b xxu||||| |||| 00| 0 eng d
100
_9
2890
_a
Goel.D.K et al
245
_a
Accountancy XI
260
_a
New Delhi
_b
AP
_c
2012
999
_c
6119
_d
6119